1059 1043 1546 1067 1386 1038 1627 1379 1572 1292 1298 1263 1110 1636 1481 1257 1795 1483 1818 1424 1211 1816 1308 1033 1980 1684 1743 1402 1026 1402 1381 1046 1960 1516 1080 1981 1402 1130 1992 1591 1489 1248 1222 1084 1687 1756 1145 1243 1331 1883 1699 1704 1660 1812 1999 1622 1679 1719 1520 1149 1288 1275 1707 1539 1277 1450 1284 1076 1989 1596 1292 1473 1087 1872 1995 1815 1926 1717 1609 1670 1677 1862 1273 1906 1828 1248 1719 1090 1914 1414 1982 1191 1318 1539 1164 1814 1329 1802 1614 BCNSPRNW ULIB Ver.6.0+V

เปลี่ยนเป็นภาษาไทย

Change to English
 แสดงรายละเอียดบรรณานุกรม
  กลับหน้าหลัก

Brief Record : Get Marc (ISO 2709) : E-mail record : QR code < ปิดหน้าต่าง
LEADER : 00000nam 2200000uu 4500
001    13399125751
003     ULIB
008    170830s2559||||th 000 0 tha d
020    ^a9786162798825
060 04 ^aWB115^bภ471^d2559
245 00 ^aปัญหาทางอายุรศาสตร์ที่พบบ่อยในเวชปฏิบัติปัจจุบัน =^bCommon Medical Problems in Modern-day Practice /^cบรรณาธิการ, อาภัสณี โสภณสฤษฏ์สุข ... [และคนอื่นๆ]
246 0  ^aCommon Medical Problems in Modern-day Practice
250    ^aพิมพ์ครั้งที่ 1
260    ^aกรุงเทพฯ :^bคณะแพทยศาสตร์โรงพยาบาลรามาธิบดี มหาวิทยาลัยมหิดล,^c2559
300    ^a463 หน้า :^bภาพประกอบ ;^c26 ซม.
650  7 ^aอายุรศาสตร์
650  7 ^aผู้ป่วยนอก^xการรักษา
650  7 ^aผู้ป่วยใน^xการรักษา
650  7 ^aการรักษาโรค^xรวมเรื่อง
700 0  ^aอาภัสณี โสภณสฤษฏ์สุข,^eบรรณาธิการ
700 0  ^aธีระศักดิ์ แก้วอมตวงศ์,^eบรรณาธิการ
700 0  ^aชุตินธร ศรีพระประแดง,^eบรรณาธิการ
700 0  ^aศุภมาส เชิญอักษร,^eบรรณาธิการ
700 0  ^aพูลเกียรติ สุชนวณิช,^eบรรณาธิการ
700 0  ^aสหภูมิ ศรีสุมะ,^eบรรณาธิการ
710 2  ^aมหาวิทยาลัยมหิดล.^bคณะแพทยศาสตร์โรงพยาบาลรามาธิบดี.^bภาควิชาอายุรศาสตร์
945    ^p0^l0^i003044
945    ^p0^l0^i003045
945    ^p0^l0^i003046
999    ^aประนอม เกษจรัล
รายการนี้ยังไม่มีแท็ก
คุณยังไม่ได้ล็อกอิน คุณสามารถมีกิจกรรมร่วมกับเว็บไซต์ได้ แต่ต้องล็อกอินก่อน ::
  ล็อกอิน

รายการสื่อสารสนเทศ

ลำดับที่ ประเภท เลขเรียก/บาร์โค้ด สถานที่ สถานะ
1. วิทยาศาสตร์การแพทย์ และสุขภาพ
วิทยาศาสตร์การแพทย์ และสุขภาพ
สถานะ=หนังสือเก่า
WB115 ภ471 2559 ฉ.1 
  Barcode: 003044
ห้องสมุดวิทยาเขตสวรรค์ประชารักษ์
►ส่วนจัดเก็บหนังสือเก่า สปร
บนชั้น
  ขอยืม
2. วิทยาศาสตร์การแพทย์ และสุขภาพ
วิทยาศาสตร์การแพทย์ และสุขภาพ
สถานะ=หนังสือเก่า
WB115 ภ471 2559 ฉ.2 
  Barcode: 003045
ห้องสมุดวิทยาเขตสวรรค์ประชารักษ์
►ส่วนจัดเก็บหนังสือเก่า สปร
บนชั้น
  ขอยืม
3. วิทยาศาสตร์การแพทย์ และสุขภาพ
วิทยาศาสตร์การแพทย์ และสุขภาพ
สถานะ=หนังสือเก่า
WB115 ภ471 2559 ฉ.3 
  Barcode: 003046
ห้องสมุดวิทยาเขตสวรรค์ประชารักษ์
►ส่วนจัดเก็บหนังสือเก่า สปร
บนชั้น
  ขอยืม

รายการใกล้เคียง
    หัวเรื่อง [อายุรศาสตร์]

BibComment


ยังไม่เคยถูกคอมเมนท์

คอมเมนท์ทรัพยากรรายการนี้
  คอมเมนท์: ปัญหาทางอายุรศาส..


 Copyright 2026. Bcnsprnw @Library